Normal view
MARC view
- عبد السيد، يسى
Entry Personal Name
001 - CONTROL NUMBER
- control field: 13926
003 - CONTROL NUMBER IDENTIFIER
- control field: JO-AjAnu
005 - DATE AND TIME OF LATEST TRANSACTION
- control field: 20230606072527.0
008 - FIXED-LENGTH DATA ELEMENTS
- fixed length control field: 230606|| aca||aabn | a|a d
040 ## - CATALOGING SOURCE
- Original cataloging agency: JO-AjAnu
- Transcribing agency: JO-AjAnu
100 ## - HEADING--PERSONAL NAME
- Personal name: عبد السيد، يسى
670 ## - SOURCE DATA FOUND
- Source citation: Work cat.: (JO-AjAnu)7160: عبد السيد، يسى, author, المحاسبة في الشركات: شركات التضامن، شركات التوصية البسيطة، شركات المحاصة، شركات المساهمة، شركات التوصية بالاسهم